| 000 | 01175nam a2200337 i 4500 | ||
|---|---|---|---|
| 001 | bg | ||
| 003 | BPK | ||
| 005 | 20200108093910.0 | ||
| 008 | 010424s2000 pl a f f |000 0 pol | ||
| 015 | _aPB 2001/7541 | ||
| 020 | _a8371991525 | ||
| 040 |
_aWA N _cBPK |
||
| 041 | 0 | _apol | |
| 080 | _a624 | ||
| 080 | _a69:744 | ||
| 080 | _a514.18 | ||
| 080 | _a(075.8) | ||
| 100 | 1 |
_aJanuszewski, Bogusław _eAutor |
|
| 245 | 1 | 0 |
_aGeometryczne podstawy grafiki inżynierskiej. _nCz. 2 / _cBogusław Januszewski, Jan Bieniasz. |
| 260 |
_aRzeszów : _bOficyna Wydawnicza Politechniki Rzeszowskiej, _c2000. |
||
| 300 |
_a373 s. : _bil. ; _c24 cm. |
||
| 500 | _aAutor cz. 1: Bogusław Januszewski. | ||
| 521 | 8 | _aSkrypt dla studentów Wydz. Budownictwa i Inżynierii Środowiska. | |
| 650 | 4 |
_aBudownictwo _xrysunek techniczny. |
|
| 655 | 4 | _aPodręczniki akademickie | |
| 650 | 4 | _aGeometria wykreślna | |
| 700 | 1 | _aBieniasz, Jan. | |
| 710 | 2 |
_aPolitechnika Rzeszowska. _bOficyna Wydawnicza. _4pbl. |
|
| 856 |
_uhttp://koha.tu.koszalin.pl/cgi-bin/koha/opac-detail.pl?biblionumber=39636 _yKatalog online BPK |
||
| 942 |
_2UKD _cKS |
||
| 999 |
_c39636 _d39636 |
||